| Tag |
First Indicator |
Second Indicator |
Subfields |
| LEADER |
00000cam a22000008a 4500 |
| 001 |
in00000070391 |
| 005 |
20151008061727.0 |
| 008 |
801001s1981 ctu b 10100 engm |
| 010 |
|
|
|a 80024764
|
| 020 |
|
|
|a 0313221103 (lib. bdg.)
|
| 035 |
|
|
|a (OCoLC)06891346
|
| 035 |
|
|
|9 AAJ8690AM
|
| 040 |
|
|
|a DLC
|c DLC
|d m.c.
|d TXA
|d UtOrBLW
|
| 043 |
|
|
|a n-us---
|
| 049 |
|
|
|a TXAM
|c [1803324]
|
| 050 |
0 |
0 |
|a HQ1426
|b .T68
|
| 082 |
0 |
|
|a 305.4/2/0973
|2 19
|
| 245 |
0 |
0 |
|a Toward the second decade :
|b the impact of the women's movement on American institutions /
|c edited by Betty Justice and Renate Pore.
|
| 263 |
|
|
|a 8109
|
| 264 |
|
1 |
|a Westport, Conn. :
|b Greenwood Press,
|c 1981.
|
| 300 |
|
|
|a xii, 242 pages ;
|c 22 cm.
|
| 336 |
|
|
|a text
|b txt
|2 rdacontent
|
| 337 |
|
|
|a unmediated
|b n
|2 rdamedia
|
| 338 |
|
|
|a volume
|b nc
|2 rdacarrier
|
| 490 |
1 |
|
|a Contributions in women's studies,
|x 0147-104X ;
|v no. 25
|
| 500 |
|
|
|a Essays originating from a series of three one-day conferences held at West Virginia University in September 1978.
|
| 500 |
|
|
|a Includes index.
|
| 504 |
|
|
|a Bibliography: pages [225]-232.
|
| 650 |
|
0 |
|a Feminism
|z United States
|v Congresses.
|
| 650 |
|
0 |
|a Women in the professions
|z United States
|x Congresses.
|
| 650 |
|
0 |
|a Women's rights
|z United States
|v Congresses.
|
| 700 |
1 |
|
|a Justice, Betty,
|d 1948-
|
| 700 |
1 |
|
|a Pore, Renate,
|d 1943-
|
| 830 |
|
0 |
|a Contributions in women's studies ;
|v no. 25.
|
| 999 |
|
|
|a MARS
|
| 999 |
f |
f |
|s 3148ae7b-2440-3d19-9f54-684c36bb1b1c
|i b590d8c0-4b1f-34fe-95f8-6051b29b9fed
|t 0
|
| 952 |
f |
f |
|p ric
|a Texas A&M University
|b Rellis Campus
|c Joint Library Facility
|d Remote Storage
|t 0
|e HQ1426 .T68
|h Library of Congress classification
|i unmediated -- volume
|m A14806143536
|
| 998 |
f |
f |
|a HQ1426 .T68
|t 0
|l Remote Storage
|